000 00327nam a22001337a 4500
008 180924b xxu||||| |||| 00| 0 eng d
020 _a9780615134161
041 _aeng
080 _a159.9
100 _a49
101 _aPSI
245 _aAssessing and Managing Risk in Psychological Practice
_cBennett, B.E
942 _2udc
_cBK
999 _c48418
_d48418